Course of theoretical physics: V6-fluid mechanics. (Record no. 162332)

MARC details
000 -LEADER
fixed length control field 00478nam a2200157Ia 4500
008 - FIXED-LENGTH DATA ELEMENTS--GENERAL INFORMATION
fixed length control field 210423s2008 xx 000 0 und d
020 ## - INTERNATIONAL STANDARD BOOK NUMBER
International Standard Book Number 9788181477873
041 ## - LANGUAGE CODE
Language code of text/sound track or separate title eng
082 ## - DEWEY DECIMAL CLASSIFICATION NUMBER
Classification number 530 LANL
100 ## - MAIN ENTRY--PERSONAL NAME
Personal name LANDAU (L D);LIFSHITZ (E M).
245 ## - TITLE STATEMENT
Title Course of theoretical physics: V6-fluid mechanics.
260 ## - PUBLICATION, DISTRIBUTION, ETC.
Place of publication, distribution, etc. New Delhi
Name of publisher, distributor, etc. Butterworth Heinemann
Date of publication, distribution, etc. 2008
300 ## - PHYSICAL DESCRIPTION
Extent xii,539
Other physical details PB
365 ## - TRADE PRICE
Price amount 1195
Currency code INR
906 ## - LOCAL DATA ELEMENT F, LDF (RLIN)
a Course ; mechanics. ; physics: ; theoretical ; V6-fluid
Holdings
Withdrawn status Lost status Damaged status Not for loan Collection code Home library Current library Date acquired Source of acquisition Cost, normal purchase price Total Checkouts Full call number Barcode Date last seen Price effective from Koha item type
        Physics St Aloysius PG Library St Aloysius PG Library 06/22/2013 Athulya Books 1195.00   530 LANL PG008825 08/24/2022 04/26/2021 Book